000 00897nam a2200253Ia 4500
003 OSt
005 20220918110726.0
006 a|||||r|||| 00| 0
007 ta
008 220915b |||||||| |||| 00| 0 hin d
024 _a92,679
037 _cReference Collections
040 _aARTS
_cARTS
_bhin
041 _2hin
_ahin
082 _aO152xk, N2.1-.2(RR)
100 _aसागर, चन्द्रप्रभ, ले.
_99187
245 0 _aहिन्दी सूक्ति - सन्दर्भ कोष
246 _aHindī sūkti - sandarbha koṣha
260 _aजोधपुर
_bगर्ग एण्ड कम्पनी भारत
_c1992
300 _a328पृ0
490 _vभाग 1
942 _hO152xk, N2.1-.2(RR)
_cREF
999 _c114248
_d114248